[Event "416 Stay Safe Play From Home series"]
[Site "Emanuel Lasker Arena"]
[Date "2020.08.27"]
[Round "7"]
[White "Peondormido"]
[Black "Nguyen Hong Anh"]
[Result "0-1"]
[WhiteElo "1493"]
[BlackElo "2250"]
[PlyCount "40"]
[EventDate "2020.08.27"]
[EventType "swiss (blitz)"]

1. e4 {[%emt 0:00:01]} c5 {[%emt 0:00:01]} 2. Nc3 {[%emt 0:00:01]} Nc6 {[%emt 0:00:01]} 3. f4 {[%emt 0:00:01]} g6 {[%emt 0:00:08]} 4. Nf3 {[%emt 0:00:01]} Bg7 {[%emt 0:00:01]} 5. Bb5 {[%emt 0:00:01]} e6 {[%emt 0:00:02]} 6. Bxc6 {[%emt 0:00:02]} bxc6 {[%emt 0:00:01]} 7. d3 {[%emt 0:00:01]} d5 {[%emt 0:00:01]} 8. e5 {[%emt 0:00:01]} Ne7 {[%emt 0:00:01]} 9. O-O {[%emt 0:00:01]} O-O {[%emt 0:00:01]} 10. Qe1 {[%emt 0:00:01]} Rb8 {[%emt 0:00:01]} 11. b3 {[%emt 0:00:03]} c4 {[%emt 0:00:02]} 12. bxc4 {[%emt 0:00:05]} dxc4 {[%emt 0:00:01]} 13. d4 {[%emt 0:00:08]} Nf5 {[%emt 0:00:05]} 14. Ne2 {[%emt 0:00:16]} c5 {[%emt 0:00:07]} 15. c3 {[%emt 0:00:02]} cxd4 {[%emt 0:00:01]} 16. Nfxd4 {[%emt 0:00:01]} Bb7 {[%emt 0:00:06]} 17. Ng3 {[%emt 0:00:05]} Nxd4 {[%emt 0:00:02]} 18. cxd4 {[%emt 0:00:03]} Qxd4+ {[%emt 0:00:01]} 19. Be3 {[%emt 0:00:00]} Qb2 {[%emt 0:00:01]} 20. Bxa7 {[%emt 0:00:19]} Qxg2# {[%emt 0:00:01] (Lag: Av=1.17s, max=1.6s) (Lag: Av=1.17s, max=1.6s) (Lag: Av=1.17s, max=1.6s)} 0-1

[Event "416 Stay Safe Play From Home series"]
[Site "Emanuel Lasker Arena"]
[Date "2020.08.27"]
[Round "8"]
[White "Mepe_Nika"]
[Black "Peondormido"]
[Result "1-0"]
[WhiteElo "2306"]
[BlackElo "1492"]
[PlyCount "23"]
[EventDate "2020.08.27"]
[EventType "swiss (blitz)"]

1. d4 {[%emt 0:00:02]} d5 {[%emt 0:00:01]} 2. Bf4 {[%emt 0:00:02]} c6 {[%emt 0:00:01]} 3. e3 {[%emt 0:00:01]} Nf6 {[%emt 0:00:01]} 4. c4 {[%emt 0:00:01]} Bf5 {[%emt 0:00:01]} 5. Nc3 {[%emt 0:00:01]} e6 {[%emt 0:00:00]} 6. Qb3 {[%emt 0:00:01]} Qb6 {[%emt 0:00:02]} 7. c5 {[%emt 0:00:01]} Qxb3 {[%emt 0:00:01]} 8. axb3 {[%emt 0:00:00]} a6 {[%emt 0:00:00]} 9. b4 {[%emt 0:00:01]} Nbd7 {[%emt 0:00:01]} 10. b5 {[%emt 0:00:00]} cxb5 {[%emt 0:00:02]} 11. Nxb5 {[%emt 0:00:04]} Be7 {[%emt 0:00:01]} 12. Nc7+ {[%emt 0:00:02] Peondormido rinde (Lag: Av=0.48s, max=0.6s)} 1-0

[Event "416 Stay Safe Play From Home series"]
[Site "Emanuel Lasker Arena"]
[Date "2020.08.27"]
[Round "8"]
[White "Nguyen Hong Anh"]
[Black "Schachwerk_64"]
[Result "1-0"]
[WhiteElo "2251"]
[BlackElo "1886"]
[Annotator "NA"]
[PlyCount "35"]
[EventDate "2020.08.27"]
[EventType "swiss (blitz)"]

1. d4 {[%emt 0:00:01]} d5 {[%emt 0:00:04]} 2. c4 {[%emt 0:00:01]} Nc6 {[%emt 0:00:01]} 3. cxd5 {[%emt 0:00:02]} Qxd5 {[%emt 0:00:01]} 4. Nf3 {[%emt 0:00:00]} e5 {[%emt 0:00:02]} 5. Nc3 {[%emt 0:00:01]} Bb4 {[%emt 0:00:02]} 6. e3 {[%emt 0:00:01]} Bg4 {[%emt 0:00:03]} 7. Be2 {[%emt 0:00:02]} O-O-O {[%emt 0:00:06]} 8. O-O {[%emt 0:00:02]} Bxc3 {[%emt 0:00:03]} 9. bxc3 {[%emt 0:00:01]} exd4 {[%emt 0:00:05]} 10. cxd4 {[%emt 0:00:01]} Nge7 {[%emt 0:00:16]} 11. Qb3 {[%emt 0:00:07]} Qxb3 {[%emt 0:00:17]} 12. axb3 {[%emt 0:00:00]} Nd5 {[%emt 0:00:01]} 13. Bd2 {[%emt 0:00:04]} a6 {[%emt 0:00:06]} 14. Rfc1 {[%emt 0:00:02]} Rhe8 {[%emt 0:00:06]} 15. Bxa6 {[%emt 0:00:05]} Ncb4 {[%emt 0:00:09]} 16. Bc4 {[%emt 0:00:04]} Bxf3 {[%emt 0:00:13]} 17. gxf3 {[%emt 0:00:01]} c6 {[%emt 0:00:19]} 18. e4 {[%emt 0:00:02] Schachwerk_64 gibt auf Schachwerk_64 gibt auf Schachwerk_64 gibt auf (Lag: Av=0.98s, max=1.3s) (Lag: Av=0.98s, max=1.3s) (Lag: Av=0.98s, max=1.3s)} 1-0

[Event "416 Stay Safe Play From Home series"]
[Site "Emanuel Lasker Arena"]
[Date "2020.08.27"]
[Round "8"]
[White "Lazieri3"]
[Black "Fingerfehler1"]
[Result "0-1"]
[WhiteElo "2032"]
[BlackElo "1636"]
[PlyCount "106"]
[EventDate "2020.08.27"]
[EventType "swiss (blitz)"]
[BlackTeam "SC Schwarz-Weiß Zell I"]

{- Gißler, Thomas (1699)} 1. e4 {[%emt 0:00:02]} e5 {[%emt 0:00:02]} 2. Nf3 {[%emt 0:00:04]} Nc6 {[%emt 0:00:01]} 3. Nc3 {[%emt 0:00:06]} Bc5 {[%emt 0:00:06]} 4. Bc4 {[%emt 0:00:04]} Nf6 {[%emt 0:00:03]} 5. d3 {[%emt 0:00:02]} h6 {[%emt 0:00:07]} 6. Be3 {[%emt 0:00:04]} Bb6 {[%emt 0:00:08]} 7. Bxb6 {[%emt 0:00:02]} axb6 {[%emt 0:00:00]} 8. a3 {[%emt 0:00:01]} d6 {[%emt 0:00:02]} 9. h3 {[%emt 0:00:02]} O-O {[%emt 0:00:02]} 10. O-O {[%emt 0:00:02]} Ne7 {[%emt 0:00:04]} 11. Nh2 {[%emt 0:00:04]} Ng6 {[%emt 0:00:02]} 12. Ne2 {[%emt 0:00:01]} c6 {[%emt 0:00:03]} 13. f4 {[%emt 0:00:02]} d5 {[%emt 0:00:10]} 14. exd5 {[%emt 0:00:08]} cxd5 {[%emt 0:00:01]} 15. fxe5 {[%emt 0:00:09]} Nxe5 {[%emt 0:00:05]} 16. Bb3 {[%emt 0:00:03]} Nc6 {[%emt 0:00:09]} 17. Qd2 {[%emt 0:00:10]} Re8 {[%emt 0:00:08]} 18. Rae1 {[%emt 0:00:04]} Qd6 {[%emt 0:00:06]} 19. Qf4 {[%emt 0:00:24]} Qc5+ {[%emt 0:00:16]} 20. Kh1 {[%emt 0:00:05]} Be6 {[%emt 0:00:03]} 21. Ng4 {[%emt 0:00:05]} Nxg4 {[%emt 0:00:03]} 22. hxg4 {[%emt 0:00:00]} Qe7 {[%emt 0:00:14]} 23. Ng3 {[%emt 0:00:06]} Qh4+ {[%emt 0:00:02]} 24. Kg1 {[%emt 0:00:02]} Re7 {[%emt 0:00:06]} 25. g5 {[%emt 0:00:43]} Qxg5 {[%emt 0:00:03]} 26. Qxg5 {[%emt 0:00:02]} hxg5 {[%emt 0:00:01]} 27. c3 {[%emt 0:00:05]} Rae8 {[%emt 0:00:09]} 28. Re2 {[%emt 0:00:01]} d4 {[%emt 0:00:03]} 29. Bxe6 {[%emt 0:00:02]} Rxe6 {[%emt 0:00:01]} 30. Rxe6 {[%emt 0:00:01]} Rxe6 {[%emt 0:00:00]} 31. c4 {[%emt 0:00:00]} Ne5 {[%emt 0:00:02]} 32. Rd1 {[%emt 0:00:02]} Ng4 {[%emt 0:00:02]} 33. Rd2 {[%emt 0:00:01]} Ne3 {[%emt 0:00:02]} 34. Ne4 {[%emt 0:00:01]} f5 {[%emt 0:00:02]} 35. Nxg5 {[%emt 0:00:02]} Rg6 {[%emt 0:00:06]} 36. Nf3 {[%emt 0:00:00]} Rg4 {[%emt 0:00:02]} 37. Re2 {[%emt 0:00:02]} f4 {[%emt 0:00:04]} 38. Nxd4 {[%emt 0:00:02]} g5 {[%emt 0:00:03]} 39. Nf3 {[%emt 0:00:00]} Rg3 {[%emt 0:00:01]} 40. Ne5 {[%emt 0:00:01]} Nf5 {[%emt 0:00:02]} 41. Nd7 {[%emt 0:00:01]} Nd4 {[%emt 0:00:02]} 42. Rd2 {[%emt 0:00:00]} b5 {[%emt 0:00:03]} 43. Kf2 {[%emt 0:00:00]} bxc4 {[%emt 0:00:01]} 44. Nf6+ {[%emt 0:00:00]} Kg7 {[%emt 0:00:01]} 45. dxc4 {[%emt 0:00:00]} Nb3 {[%emt 0:00:01]} 46. Rd7+ {[%emt 0:00:01]} Kxf6 {[%emt 0:00:01]} 47. Rd6+ {[%emt 0:00:00]} Kf5 {[%emt 0:00:00]} 48. Rb6 {[%emt 0:00:00]} Kg4 {[%emt 0:00:00]} 49. Rxb3 {[%emt 0:00:01]} Rc3 {[%emt 0:00:01]} 50. c5 {[%emt 0:00:00]} b6 {[%emt 0:00:01]} 51. Kg1 {[%emt 0:00:00]} Rxb3 {[%emt 0:00:00]} 52. Kh2 {[%emt 0:00:00]} Rxb2 {[%emt 0:00:00]} 53. Kh1 {[%emt 0:00:01]} bxc5 {[%emt 0:00:00]} 0-1

[Event "416 Stay Safe Play From Home series"]
[Site "Emanuel Lasker Arena"]
[Date "2020.08.27"]
[Round "8"]
[White "Ionelluca"]
[Black "Shakh"]
[Result "1-0"]
[WhiteElo "2025"]
[BlackElo "1662"]
[PlyCount "63"]
[EventDate "2020.08.27"]
[EventType "swiss (blitz)"]

1. c4 {[%emt 0:00:03]} c6 {[%emt 0:00:03]} 2. g3 {[%emt 0:00:04]} d5 {[%emt 0:00:01]} 3. Bg2 {[%emt 0:00:01]} Nf6 {[%emt 0:00:01]} 4. Nf3 {[%emt 0:00:01]} e6 {[%emt 0:00:01]} 5. b3 {[%emt 0:00:00]} Nbd7 {[%emt 0:00:01]} 6. Bb2 {[%emt 0:00:01]} g6 {[%emt 0:00:02]} 7. d3 {[%emt 0:00:00]} Bg7 {[%emt 0:00:01]} 8. Nbd2 {[%emt 0:00:01]} O-O {[%emt 0:00:01]} 9. Rb1 {[%emt 0:00:01]} Re8 {[%emt 0:00:01]} 10. O-O {[%emt 0:00:01]} a6 {[%emt 0:00:01]} 11. b4 {[%emt 0:00:03]} b5 {[%emt 0:00:01]} 12. e4 {[%emt 0:00:02]} dxe4 {[%emt 0:00:01]} 13. Nd4 {[%emt 0:00:04]} Bb7 {[%emt 0:00:04]} 14. Nxe4 {[%emt 0:00:01]} Qc7 {[%emt 0:00:02]} 15. cxb5 {[%emt 0:00:03]} cxb5 {[%emt 0:00:03]} 16. Rc1 {[%emt 0:00:01]} Qb6 {[%emt 0:00:05]} 17. Nc5 {[%emt 0:00:24]} Bxg2 {[%emt 0:00:09]} 18. Kxg2 {[%emt 0:00:01]} Red8 {[%emt 0:00:08]} 19. f3 {[%emt 0:00:01]} Ne5 {[%emt 0:00:10]} 20. Qe2 {[%emt 0:00:12]} Ne8 {[%emt 0:00:14]} 21. Ndxe6 {[%emt 0:00:08]} fxe6 {[%emt 0:00:05]} 22. Bxe5 {[%emt 0:00:01]} Nf6 {[%emt 0:00:21]} 23. Rcd1 {[%emt 0:00:15]} a5 {[%emt 0:00:17]} 24. a3 {[%emt 0:00:02]} axb4 {[%emt 0:00:02]} 25. axb4 {[%emt 0:00:01]} Kf7 {[%emt 0:00:12]} 26. Rf2 {[%emt 0:00:06]} Rd5 {[%emt 0:00:04]} 27. d4 {[%emt 0:00:04]} Rad8 {[%emt 0:00:18]} 28. Qe3 {[%emt 0:00:01]} Qc6 {[%emt 0:00:04]} 29. Qf4 {[%emt 0:00:03]} h6 {[%emt 0:00:18]} 30. Ra1 {[%emt 0:00:11]} g5 {[%emt 0:00:05]} 31. Ra7+ {[%emt 0:00:01]} Kg6 {[%emt 0:00:01]} 32. Rxg7+ {[%emt 0:00:06] TimeB TimeB TimeB} 1-0

[Event "416 Stay Safe Play From Home series"]
[Site "Emanuel Lasker Arena"]
[Date "2020.08.27"]
[Round "9"]
[White "Ionelluca"]
[Black "GMONIK"]
[Result "1-0"]
[WhiteElo "2029"]
[BlackElo "1704"]
[Annotator "NA"]
[PlyCount "61"]
[EventDate "2020.08.27"]
[EventType "swiss (blitz)"]

1. e4 {[%emt 0:00:05]} c5 {[%emt 0:00:03]} 2. b4 {[%emt 0:00:01]} cxb4 {[%emt 0:00:01]} 3. a3 {[%emt 0:00:01]} Nc6 {[%emt 0:00:03]} 4. axb4 {[%emt 0:00:01]} d6 {[%emt 0:00:10]} 5. b5 {[%emt 0:00:02]} Ne5 {[%emt 0:00:01]} 6. d4 {[%emt 0:00:03]} Ng6 {[%emt 0:00:01]} 7. c3 {[%emt 0:00:03]} Nf6 {[%emt 0:00:01]} 8. Bd3 {[%emt 0:00:01]} e6 {[%emt 0:00:01]} 9. Nf3 {[%emt 0:00:02]} Be7 {[%emt 0:00:01]} 10. O-O {[%emt 0:00:01]} O-O {[%emt 0:00:02]} 11. Re1 {[%emt 0:00:01]} Bd7 {[%emt 0:00:02]} 12. Ba3 {[%emt 0:00:03]} Qb6 {[%emt 0:00:02]} 13. c4 {[%emt 0:00:02]} Rfe8 {[%emt 0:00:16]} 14. Nc3 {[%emt 0:00:01]} e5 {[%emt 0:00:03]} 15. c5 {[%emt 0:00:17]} dxc5 {[%emt 0:00:05]} 16. Na4 {[%emt 0:00:04]} Qc7 {[%emt 0:00:02]} 17. dxc5 {[%emt 0:00:02]} Bg4 {[%emt 0:00:03]} 18. h3 {[%emt 0:00:12]} Bxf3 {[%emt 0:00:01]} 19. Qxf3 {[%emt 0:00:01]} Nf4 {[%emt 0:00:01]} 20. Bc4 {[%emt 0:00:03]} Rad8 {[%emt 0:00:15]} 21. Rec1 {[%emt 0:00:03]} Rd4 {[%emt 0:00:02]} 22. Bb2 {[%emt 0:00:03]} Rxe4 {[%emt 0:00:02]} 23. b6 {[%emt 0:00:14]} axb6 {[%emt 0:00:06]} 24. Nxb6 {[%emt 0:00:04]} Bxc5 {[%emt 0:00:06]} 25. Nd5 {[%emt 0:00:02]} N6xd5 {[%emt 0:00:08]} 26. Qxe4 {[%emt 0:00:08]} Nf6 {[%emt 0:00:18]} 27. Qc2 {[%emt 0:00:07]} b6 {[%emt 0:00:01]} 28. Rd1 {[%emt 0:00:13]} Qb7 {[%emt 0:00:02]} 29. Bf1 {[%emt 0:00:14]} Rc8 {[%emt 0:00:04]} 30. Qf5 {[%emt 0:00:02]} Qe4 {[%emt 0:00:16]} 31. Qxc8+ {[%emt 0:00:02] GMONIK abbandona GMONIK abbandona GMONIK abbandona (Lag: Av=0.43s, max=0.7s) (Lag: Av=0.43s, max=0.7s) (Lag: Av=0.43s, max=0.7s)} 1-0

[Event "416 Stay Safe Play From Home series"]
[Site "Emanuel Lasker Arena"]
[Date "2020.08.27"]
[Round "9"]
[White "Schachwerk_64"]
[Black "Lazieri3"]
[Result "0-1"]
[WhiteElo "1882"]
[BlackElo "2001"]
[Annotator "NA"]
[PlyCount "54"]
[EventDate "2020.08.27"]
[EventType "swiss (blitz)"]

1. e4 {[%emt 0:00:04]} c6 {[%emt 0:00:00]} 2. d4 {[%emt 0:00:01]} d5 {[%emt 0:00:05]} 3. Nd2 {[%emt 0:00:01]} dxe4 {[%emt 0:00:01]} 4. Nxe4 {[%emt 0:00:00]} Nf6 {[%emt 0:00:01]} 5. Nxf6+ {[%emt 0:00:03]} exf6 {[%emt 0:00:00]} 6. c3 {[%emt 0:00:02]} Bd6 {[%emt 0:00:00]} 7. Bd3 {[%emt 0:00:02]} O-O {[%emt 0:00:00]} 8. Ne2 {[%emt 0:00:08]} Re8 {[%emt 0:00:00]} 9. Qc2 {[%emt 0:00:01]} Bg4 {[%emt 0:00:02]} 10. f3 {[%emt 0:00:12]} Bh5 {[%emt 0:00:03]} 11. Bxh7+ {[%emt 0:00:11]} Kh8 {[%emt 0:00:01]} 12. Bd3 {[%emt 0:00:03]} Qc7 {[%emt 0:00:01]} 13. Bd2 {[%emt 0:00:07]} Nd7 {[%emt 0:00:08]} 14. O-O-O {[%emt 0:00:08]} Nf8 {[%emt 0:00:02]} 15. Kb1 {[%emt 0:00:03]} Bg6 {[%emt 0:00:01]} 16. h4 {[%emt 0:00:03]} Rxe2 {[%emt 0:00:05]} 17. h5 {[%emt 0:00:07]} Bxd3 {[%emt 0:00:04]} 18. Qxd3 {[%emt 0:00:00]} Rxg2 {[%emt 0:00:05]} 19. c4 {[%emt 0:00:34]} Bf4 {[%emt 0:00:02]} 20. Bc3 {[%emt 0:00:02]} Re8 {[%emt 0:00:05]} 21. h6 {[%emt 0:00:03]} Bxh6 {[%emt 0:00:16]} 22. d5 {[%emt 0:00:08]} Nh7 {[%emt 0:00:10]} 23. d6 {[%emt 0:00:22]} Qd7 {[%emt 0:00:05]} 24. Rh4 {[%emt 0:00:15]} Ree2 {[%emt 0:00:02]} 25. Rdh1 {[%emt 0:00:03]} Ref2 {[%emt 0:00:53]} 26. Rxh6 {[%emt 0:00:07]} gxh6 {[%emt 0:00:00]} 27. Rxh6 {[%emt 0:00:02]} Rg1+ {[%emt 0:00:06] Schachwerk_64 gibt auf Schachwerk_64 gibt auf Schachwerk_64 gibt auf (Lag: Av=0.70s, max=1.1s) (Lag: Av=0.70s, max=1.1s) (Lag: Av=0.70s, max=1.1s)} 0-1

[Event "416 Stay Safe Play From Home series"]
[Site "Emanuel Lasker Arena"]
[Date "2020.08.27"]
[Round "9"]
[White "Shakh"]
[Black "Fingerfehler1"]
[Result "0-1"]
[WhiteElo "1658"]
[BlackElo "1667"]
[Annotator "NA"]
[PlyCount "70"]
[EventDate "2020.08.27"]
[EventType "swiss (blitz)"]
[BlackTeam "SC Schwarz-Weiß Zell I"]

{- Gißler, Thomas (1699)} 1. d3 {[%emt 0:00:03]} e5 {[%emt 0:00:02]} 2. d4 {[%emt 0:00:00]} exd4 {[%emt 0:00:05]} 3. Qxd4 {[%emt 0:00:01]} Nc6 {[%emt 0:00:00]} 4. Qd1 {[%emt 0:00:01]} d5 {[%emt 0:00:01]} 5. Nf3 {[%emt 0:00:02]} Nf6 {[%emt 0:00:02]} 6. g3 {[%emt 0:00:01]} Bg4 {[%emt 0:00:02]} 7. Bg2 {[%emt 0:00:01]} Qd7 {[%emt 0:00:02]} 8. h4 {[%emt 0:00:05]} Bc5 {[%emt 0:00:06]} 9. c3 {[%emt 0:00:01]} Ne4 {[%emt 0:00:04]} 10. e3 {[%emt 0:00:14]} O-O {[%emt 0:00:08]} 11. Nbd2 {[%emt 0:00:05]} Rad8 {[%emt 0:00:10]} 12. Nxe4 {[%emt 0:00:03]} dxe4 {[%emt 0:00:01]} 13. Qxd7 {[%emt 0:00:01]} Rxd7 {[%emt 0:00:02]} 14. Nd4 {[%emt 0:00:01]} Bxd4 {[%emt 0:00:03]} 15. exd4 {[%emt 0:00:01]} Bf3 {[%emt 0:00:03]} 16. O-O {[%emt 0:00:14]} f5 {[%emt 0:00:06]} 17. Re1 {[%emt 0:00:03]} h6 {[%emt 0:00:10]} 18. Bf1 {[%emt 0:00:01]} Kh7 {[%emt 0:00:03]} 19. a4 {[%emt 0:00:09]} a6 {[%emt 0:00:02]} 20. b4 {[%emt 0:00:03]} Ne7 {[%emt 0:00:08]} 21. b5 {[%emt 0:00:04]} Nd5 {[%emt 0:00:02]} 22. c4 {[%emt 0:00:16]} Nf6 {[%emt 0:00:05]} 23. d5 {[%emt 0:00:05]} axb5 {[%emt 0:00:05]} 24. axb5 {[%emt 0:00:02]} Ng4 {[%emt 0:00:18]} 25. Ra7 {[%emt 0:00:08]} b6 {[%emt 0:00:02]} 26. Bf4 {[%emt 0:00:13]} Rc8 {[%emt 0:00:08]} 27. d6 {[%emt 0:00:09]} g5 {[%emt 0:00:14]} 28. hxg5 {[%emt 0:00:04]} hxg5 {[%emt 0:00:01]} 29. Bxg5 {[%emt 0:00:09]} Rxd6 {[%emt 0:00:02]} 30. Bf4 {[%emt 0:00:01]} Rd7 {[%emt 0:00:06]} 31. Be2 {[%emt 0:00:12]} Bxe2 {[%emt 0:00:08]} 32. Rxe2 {[%emt 0:00:01]} Kg6 {[%emt 0:00:02]} 33. Rc2 {[%emt 0:00:16]} Nf6 {[%emt 0:00:02]} 34. c5 {[%emt 0:00:06]} Nd5 {[%emt 0:00:04]} 35. cxb6 {[%emt 0:00:03]} Nxb6 {[%emt 0:00:03] TimeW TimeW TimeW} 0-1